Catálogo público

Evaluacion de curvas de crecimiento de corderos Coopworth x Polled Dorset,Charolais o Dorper Blanco / (Record no. 169098)

MARC details
000 -CABECERA
campo de control de longitud fija 00936nam a2200289Ia 4500
001 - NÚMERO DE CONTROL
campo de control Z_5889
003 - IDENTIFICADOR DEL NÚMERO DE CONTROL
campo de control CHAP
008 - DATOS DE LONGITUD FIJA--INFORMACIÓN GENERAL
campo de control de longitud fija 220113s2009 xx 000 0 und d
010 ## - NÚMERO DE CONTROL DE LA BIBLIOTECA DEL CONGRESO
Número de control de LC 169098
040 ## - FUENTE DE LA CATALOGACIÓN
Centro/agencia transcriptor CHAP
090 ## - LOCALMENTE ASIGNADO TIPO-LC NÚMERO DE CLASIFICACIÓN (OCLC); NÚMERO DE CLASIFICACIÓN LOCAL (RLIN)
Número de clasificación (OCLC) (R) ; Numero de clasificación, CALL (RLIN) (NR) Tesis C 2157
100 ## - ENTRADA PRINCIPAL--NOMBRE DE PERSONA
Nombre de persona Celso Espinoza,Gustavo
9 (RLIN) 143412
245 ## - MENCIÓN DE TÍTULO
Título Evaluacion de curvas de crecimiento de corderos Coopworth x Polled Dorset,Charolais o Dorper Blanco /
Mención de responsabilidad, etc. Celso Espinoza Gustavo y Mariscal Miranda Martin
260 ## - PUBLICACIÓN, DISTRIBUCIÓN, ETC.
Lugar de publicación, distribución, etc. Chapingo,Méx. :
Nombre del editor, distribuidor, etc. El autor,
Fecha de publicación, distribución, etc. 2009
300 ## - DESCRIPCIÓN FÍSICA
Extensión 55 h.
502 ## - NOTA DE TESIS
Nota de tesis Tesis (Ing.Agr.Esp. en Zootecnia)-- UACH Departamento de Zootecnia
650 ## - PUNTO DE ACCESO ADICIONAL DE MATERIA--TÉRMINO DE MATERIA
Término de materia o nombre geográfico como elemento de entrada Cruza Coopworth x Polled Dorset, Charolais y Dorper Blanco
9 (RLIN) 143413
650 ## - PUNTO DE ACCESO ADICIONAL DE MATERIA--TÉRMINO DE MATERIA
Término de materia o nombre geográfico como elemento de entrada Curvas de Crecimiento
9 (RLIN) 143414
650 ## - PUNTO DE ACCESO ADICIONAL DE MATERIA--TÉRMINO DE MATERIA
Término de materia o nombre geográfico como elemento de entrada Ganado ovino
Subdivisión general Carne
9 (RLIN) 143415
700 ## - PUNTO DE ACCESO ADICIONAL--NOMBRE DE PERSONA
Nombre de persona I. Mariscal Miranda Martin
9 (RLIN) 143416
901 ## - ELEMENTOS DE DATOS A LOCAL LDA (RLIN)
a TESIS C 2157
902 ## - ELEMENTOS DE DATOS B LOCAL, LDB (RLIN)
a M
910 ## - DATOS DE OPCIÓN DEL USUARIO (OCLC)
Datos de opción del usuario 2009
942 ## - ELEMENTOS DE PUNTO DE ACCESO ADICIONAL (KOHA)
Tipo de ítem Koha Tesis_
942 ## - ELEMENTOS DE PUNTO DE ACCESO ADICIONAL (KOHA)
Tipo de ítem Koha Tesis_
Holdings
Estado de retiro Estado de pérdida Estado dañado No para préstamo Localización permanente Ubicación/localización actual Ubicación en estantería Fecha de adquisición Información codificada de la localización en otra ubicación Total de préstamos Código de barras Fecha visto por última vez Número de copia Precio válido a partir de Tipo de ítem Koha Nota pública
        Zootecnia Zootecnia   02/02/2010 2   z_T 3740 18/01/2022 1 18/01/2022 Tesis_ 2
        Zootecnia Zootecnia   02/02/2010 2   z_T 3741 18/01/2022 2 18/01/2022 Tesis_ 3